000 00282nam a22001217a 4500
008 171208b xxu||||| |||| 00| 0 eng d
041 _aeng
080 _a621
100 _a27
101 _aINXH
245 _aQUALITY CONTROL AND STATISTICAL METHODS
_cSCHROCK, E.M
942 _2udc
_cBK
999 _c38835
_d38835